Island Subdivisions - Statistics

General Stats
  • This quiz has been taken 66 times
  • The average score is 10 of 12
Answer Stats
Hint Answer % Correct
United States Hawaii
100%
Australia Tasmania
100%
France Corsica
94%
Ecuador Galapagos
91%
China Hainan
91%
Canada Prince Edward Island
85%
South Korea Jeju
77%
Russia Sakhalin
77%
Yemen Socotra
74%
Sweden Gotland
72%
Thailand Phuket
72%
Finland Aland Islands
66%
No matching quizzes found
Score Distribution
Percent of People with Each Score
Percentile by Number Answered
Your Score History
You have not taken this quiz